MDQL
is popping MORE tags! Check the
thread
!
Quizzes
Events
Quiz Creation
Community
Videos
Private Events
Remove Ads
Sign In
Join for FREE
Feedback
Dark Mode
Quiz Categories
Sports
Geography
Music
Movies
Television
Just For Fun
Miscellaneous
History
Literature
Language
Science
Gaming
Entertainment
Religion
Holiday
For Kids
Quiz Lab
Recent
Popular Today
Quiz Kudos Today
Editor Picks
Curator Picks
Quizzes by...
Day
Popularity
Type
Ratings
Length
Year
Community
Subscriptions
Recent Discussions
Orange Saloon
Badges
Playlists
Quests
Create
Leaderboards
Showdown
Live 5
Trivia Bingo
Activity
Puzzle Library
Sporcle Events
Private Events
Virtual Trivia
Globe League
Become a Host
Pub Owners
SporcleCon
Opinionation
Our Games
Videos
Blog
Mobile Apps
Partnerships
Remove Ads and Go Orange
Feedback
Miscellaneous
Crossword
General Knowledge
Baby Names
Logo
Food
Cars
Numbers
Grab Bag
University
College
Popular
Company
Slogans
Restaurants
Justice
Letter
Miscellaneous
Crossword
General Knowledge
Baby Names
Logo
Food
Cars
Numbers
Grab Bag
University
College
Popular
Company
Slogans
Restaurants
Justice
Letter
Random Quiz
Search Sporcle
×
Quiz Lab
Quiz Lab
Miscellaneous
Lyrics
Type in answers that appear in a list
Type in answers that appear in a list
Classic
Best Score? Go Orange.
Big Bang Theory Stats
Can you name the lyrics to the 'Big Bang Theory' by BareNaked Ladies??
By
SFTxCallum
12m
222 Questions
347 Plays
347 Plays
347 Plays
Comments
Comments
Give Quiz Kudos
Give Quiz Kudos
-
- Ratings
hide this ad
Replay
Link that replays current quiz
Next Quiz
Link to next quiz in quiz playlist
You Got
0%
They Got
Avg Score
53%
Avg Friend Score
Upgrade to see
Score Distribution
Jump to the score distribution portion of the page
Score
0/222
Timer
12:00
0
Plays Today
Lyrics:
% Correct
a
94.8%
The
94.8%
the
94.8%
a
94.8%
the
94.8%
the
94.8%
the
94.8%
the
94.8%
and
94.8%
A
94.8%
a
94.8%
and
94.8%
the
94.8%
The
94.8%
the
94.8%
and
94.8%
The
94.8%
and
94.8%
the
94.8%
the
94.8%
the
94.8%
and
94.8%
and
94.8%
the
94.8%
and
94.8%
and
94.8%
the
94.8%
the
94.8%
big
87%
big
87%
big
87%
big
87%
big
87%
bang!
86.7%
bang!
86.7%
BANG!
86.7%
bang!
86.7%
bang!
86.7%
BANG!
86.7%
started;
86.5%
started
86.5%
started
86.5%
started
86.5%
started
86.5%
universe
84.1%
in
84.1%
in
84.1%
in
84.1%
whole
83%
was
81.6%
was
81.6%
all,
80.1%
all
80.1%
all
80.1%
all
80.1%
all
80.1%
all
80.1%
hot,
79.5%
we
79.5%
(We
79.5%
science,
79.5%
with
79.5%
be
79.5%
we
79.5%
be
79.5%
be
79.5%
with
79.5%
with
79.5%
with
79.5%
history,
79.3%
pyramids)
78.7%
built
78.1%
built
78.1%
dense
77.8%
Lyrics:
% Correct
to
77.8%
to
77.8%
to
77.8%
to
77.8%
to
77.8%
years
76.9%
began
76.4%
began
76.4%
Our
76.1%
Our
76.1%
14,000,000
75.8%
ago
74.9%
state,
74.4%
wall.
74.1%
Earth
73.5%
mystery,
72%
WAIT!
70%
cool,
70%
expansion
68.9%
then
65.4%
drool,
64.6%
nearly
63.4%
it
62.5%
it
62.5%
it
62.5%
It
62.5%
it
62.5%
It
62.5%
that
62%
that
62%
that
62%
Maths,
61.4%
tools,
60.8%
Neanderthals
60.5%
developed
58.8%
an
55.6%
autotrophs
52.2%
unravelling
51%
of
41.5%
of
41.5%
of
41.5%
they
38%
they
38%
they
38%
(They
38%
is
37.5%
but
36.3%
but
36.3%
man
35.2%
not
34.6%
really
34.3%
really
34.3%
time
33.7%
dawn
33.4%
dinosaurs
33.1%
long,
32.3%
this
32.3%
were
31.4%
were
31.4%
It's
31.4%
(We're
31.4%
Since
30.8%
off)
30.8%
their
30.3%
their
30.3%
ya
30.3%
ya
30.3%
ever
30%
ever
30%
than
29.7%
would
29.7%
made!
29.4%
asses
29.4%
sing
29.1%
Lyrics:
% Correct
song.
29.1%
out
29.1%
galaxy
28.5%
less
28.5%
takes
28.2%
one
28.2%
froze
27.7%
second
27.4%
fate,
27.4%
fraction
27.1%
elements
27.1%
up
27.1%
met
27.1%
DIED!
27.1%
go
27.1%
late
26.5%
expanding
26.5%
see
26.2%
wouldn't
26.2%
every
25.9%
straight,
25.9%
oceans
25.9%
us,
25.9%
stood
25.6%
tried
25.6%
by
25.6%
way!
25.6%
have
25.6%
will
25.4%
day,
24.8%
other
24.8%
pangea
24.5%
same
24.5%
here,
24.5%
here
24.5%
been
24.2%
wanna
23.9%
sick
23.9%
motion
23.6%
bigger
23.1%
set
22.8%
won't
22.8%
won't
22.8%
even
22.8%
catching
22.5%
catching
22.5%
make
21.9%
viruses!)
21.9%
Einstein
21.9%
best
21%
brightest
21%
bipeds
20.5%
inward,
20.5%
astrology,
20.2%
leap
19.9%
deer
19.9%
Collapsing
19.3%
figure,
19.3%
astronomy,
19.3%
Music
19.3%
it'll
18.4%
debating
17.3%
cause
16.4%
stars
16.4%
Religion
16.1%
mythology,
16.1%
deuteronomy...
15.9%
they're
15.3%
outwards
14.4%
Australopithecus
12.4%
hurt!
11.5%
born
11.2%
while
9.2%
encarta,
7.2%
Quiz Playlist
Details
Report
Send in Message
Add To Playlist
Classic:
Type in answers that appear in a list
Last Updated: Feb 16, 2017
Quiz Scoreboard
CHALLENGE
Sign Up to Join the Scoreboard
Show All
Scores
Hide
Comments
May contain spoilers
Recently Published
Find the 'City' Movie
by crazypaving
Movies
60s
5x2 Blitz: Bands
by SL_Kpop136
Music
30s
Colored Red Africa Blitz
by spor1
Geography
30s
More to Explore
Quiz From the Vault
Featured Blog Post
14 Easter Pick-up Lines to Find Eggs With
hide this ad
You Might Also Like...
Tags
Lyrics Quiz
Song Quiz
Typing Quiz
challenge
The Big Bang Theory
Today's Top Quizzes in Miscellaneous
Browse Miscellaneous
hide this ad
Today's Top Quizzes in Lyrics
Browse Lyrics
Top Contributed Quizzes in Miscellaneous
1
5-to-1: Fast Food
2
9x9 Crossword: Disney Movie Titles
3
9x9 Crossword: Charlie and the Chocolate Factory
4
9x9 Crossword: Halloween
5
The JOE quick-fire general knowledge quiz: Day 174
6
Picture Click Blitz: Airline Logos
7
9x9 Crossword: 2022 Movies
8
9x9 Crossword: Toy Story
9
9x9 Crossword: The Simpsons
10
random perfect cubes 1-30
Explore More
Trending Topics
Disney
Crossword
Anime
NBA
Harry Potter
Marvel
Kpop
Soccer
Country
The Office
Puzzle
Pokémon
NFL
Song
WWE
hide this ad
More By:
SFTxCallum
Quiz
Plays
Rating
Category
Featured
Created
Walking Dead Mega-Death Quiz (TV Series)
8,601
1.65
Television
Apr 2, 2014
Elements Containing Greek Letters
2,475
4.30
Science
Jan 9, 2019
Kyrgyzstan typing challenge
1,745
3.31
Just For Fun
Nov 29, 2012
Mixed Word: Computer Terminology
1,672
3.57
Science
Apr 3, 2012
Quick Science 'Q-U-I-Z' Quiz
1,598
4.47
Science
May 2, 2017
Go to Creator's Profile
Score Distribution
Quiz Creator Spotlight
SFTxCallum
Follow
Send a Message
Quizzes Created
-
Created Quiz Play Count
-
More By This Creator
Popular Quizzes Today
1
Find the 'City' Movie
2
5x2 Blitz: Bands
3
Colored Red Africa Blitz
4
Find the US States - No Outlines Minefield
5
The Countries of the World
6
Find the US States
7
9x9 Crossword: Cartoon Network
8
US States
More Miscellaneous Quizzes
4 to 13 Letter 'C' Images
Published
Trending Quizzes
Colored Red Africa Blitz II
Colored Red Europe Blitz I
Colored Red Africa Blitz III
Colored Red Europe Blitz II
Colored Red Europe Blitz III
Recently Updated
Champions League XIs: Real Madrid
pecheneg
Largest US Cities 1790-2010
pecheneg
Rides in Walt Disney World
pecheneg
Most Oscar Losses (Acting)
pecheneg
Beyoncé Albums
pecheneg
Leaping Animals
pecheneg
Reality TV Shows (A-Z)
bhenderson79
Rickey Henderson's Hall of Fame Teammates
pecheneg
Champions League XIs: Arsenal
pecheneg
Quick Pick: Celebrities in WWE's Hall of Fame
aduchscher
Trending Topics
Harry Potter
NBA
Disney
Marvel
Kpop
Crossword
Anime
The Office
NFL
Country
Puzzle
WWE
Song
Pokémon
Soccer
Your Account Isn't Verified!
In order to create a playlist on Sporcle, you need to verify the email address you used during registration. Go to your
Sporcle Settings
to finish the process.
Report this User
Report this user for behavior that violates our
Community Guidelines
.
Details:
Send Report
Go to the Sporcle.com Mobile Site →
Comments